Normal view
MARC view
- Sunset introduction to basic gardening.
Entry Uniform Title
001 - CONTROL NUMBER
- control field: 7868
003 - CONTROL NUMBER IDENTIFIER
- control field: NUST
005 - DATE AND TIME OF LATEST TRANSACTION
- control field: 20171229101522.0
008 - FIXED-LENGTH DATA ELEMENTS
- fixed length control field: 171229|| aca||aabn | a|a d
040 ## - CATALOGING SOURCE
- Original cataloging agency: NUST
- Transcribing agency: NUST
130 ## - HEADING--UNIFORM TITLE
- Uniform title: Sunset introduction to basic gardening.
670 ## - SOURCE DATA FOUND
- Source citation: Work cat.: (NUST)0: Moholt, Carol. 7864, Basic gardening illustrated /, 1999.
